000 00666nam a2200169 a 4500
001 000046206
005 20201002052716.0
008 150706s1982 dr ac 000 0 spa d
040 _aDO-SdBNP
_bspa
_cBNPHU
082 _axxxx
_bxxxx
100 1 _aSuárez Marill, Mario
_918218
245 1 0 _aPodemos I /
_cMario Suárez Marill, Tenaida Camilo de Morillo.
260 _aSanto Domingo :
_bSecretaría de Estado de Educación. Bellas Artes y Cultos,
_c1982.
300 _a16 p. :
_bil.,retrs. ;
_c26 cm.
500 _aPrograma de educación ciudadana
500 _aEl programa especial de de Educación ciudadana fué creado mediante el decreto 210, de septiembre 8 de 1982
999 _c45695
_d45695